| 000 | 00783nam a2200229 a 4500 | ||
|---|---|---|---|
| 001 | 62932 | ||
| 003 | BD-RjUL | ||
| 005 | 20211209081137.0 | ||
| 008 | 170126s2005 bg a|||| |||| 00| 0 eng d | ||
| 020 | _a9843228286 | ||
| 035 | _a(BD-RjUL)63060 | ||
| 040 |
_aBD-RjUL _beng _cBD-RjUL _dBD-RjUL |
||
| 041 | _aeng | ||
| 082 |
_223 _a639.50954 _bHAN 2005 |
||
| 245 |
_aHandbook on fish and crustacean diseases in the SAARC Region / _cKhabīra Āhameda, Dr.; W A G Sisira Kumara |
||
| 260 |
_aDhaka : _bSAARC Agricultural Information Centre, _c2005. |
||
| 300 |
_axii, 153 p. : _bill. ; _c 25 cm. |
||
| 650 |
_aCrustacea _vDiseases _x Handbooks, manuals, etc _z South Asia _9188628 |
||
| 700 |
_aĀhameda, Khabīra _9187151 |
||
| 700 |
_aKumara, Sisira W. A. G _9187152 |
||
| 942 |
_2ddc _cBK |
||
| 999 |
_c62932 _d62932 |
||